| 000 | 00770nam a2200241 a 4500 | ||
|---|---|---|---|
| 008 | |||
| 020 | _a0582455855 (pbk.) | ||
| 049 | _aMAIN | ||
| 090 |
_aQD101.2 _bVOG |
||
| 245 | 1 | 0 |
_aVogel's textbook of quantitative inorganic analysis including elementary instrumental analysis / _cJ. Basset... [et al.] |
| 250 | _a4th ed. | ||
| 260 |
_aLondon : _bLongman Group Limited, _c1978. |
||
| 300 |
_axxxii, 925 p. : _bill. ; _c24cm. |
||
| 504 | _aIncludes bibliographical references. | ||
| 500 | _aIncludes index. | ||
| 650 | 0 |
_aChemistry, Analytic _xQuantitative. |
|
| 700 | 1 | _aBassett, J. | |
| 907 |
_a.b10284266 _b18-07-11 _c27-09-10 |
||
| 003 | |||
| 005 | 20230123125047.0 | ||
| 040 | _cNUST | ||
| 942 |
_cBOOKS _kQD101.2 _mVOG |
||
| 999 |
_c135031 _d135031 |
||